[Event "Bundesliga 9596"]
[Site "Deutschland"]
[Date "1996.??.??"]
[Round "?.4"]
[White "Backwinkel, Paul"]
[Black "Schmidt, Peter"]
[Result "1/2-1/2"]
[WhiteElo "2410"]
[BlackElo "2405"]
[PlyCount "48"]
[EventDate "1995.10.??"]
[EventType "team"]
[EventRounds "15"]
[EventCountry "GER"]
[SourceTitle "Bundesliga 9596"]
[Source "DeepChess"]
[SourceDate "2005.01.01"]
[SourceVersion "1"]
[SourceVersionDate "2005.01.01"]
[SourceQuality "1"]
[WhiteTeam "SG Bochum 31"]
[BlackTeam "SK Passau 1869"]
[WhiteTeamCountry "GER"]
[BlackTeamCountry "GER"]

1. d4 Nf6 2. c3 g6 3. Bg5 Bg7 4. Nd2 O-O 5. e3 b6 6. Ngf3 Bb7 7. Be2 d6 8. O-O
c5 9. a4 a6 10. b4 Nbd7 11. Qb3 cxb4 12. cxb4 Rc8 13. Rac1 h6 14. Bh4 g5 15.
Bg3 Nh5 16. Nc4 Nxg3 17. hxg3 Rc7 18. Ncd2 e6 19. Qb1 Nf6 20. Rxc7 Qxc7 21. Rc1
Qb8 22. b5 a5 23. Ne1 Rc8 24. Bf3 d5 1/2-1/2

[Event "Bundesliga 9596"]
[Site "Deutschland"]
[Date "1996.??.??"]
[Round "?.5"]
[White "Baumhus, Reinhard"]
[Black "Sonntag, Hans Hubert"]
[Result "1/2-1/2"]
[WhiteElo "2360"]
[BlackElo "2405"]
[PlyCount "72"]
[EventDate "1995.10.??"]
[EventType "team"]
[EventRounds "15"]
[EventCountry "GER"]
[SourceTitle "Bundesliga 9596"]
[Source "DeepChess"]
[SourceDate "2005.01.01"]
[SourceVersion "1"]
[SourceVersionDate "2005.01.01"]
[SourceQuality "1"]
[WhiteTeam "SK Passau 1869"]
[BlackTeam "SG Bochum 31"]
[WhiteTeamCountry "GER"]
[BlackTeamCountry "GER"]

1. e4 e5 2. Nf3 Nc6 3. Bb5 a6 4. Ba4 Nf6 5. Qe2 Be7 6. c3 b5 7. Bc2 O-O 8. d4
d6 9. O-O Bb7 10. Nbd2 Re8 11. dxe5 Nxe5 12. Nxe5 dxe5 13. Rd1 c5 14. c4 Bc6
15. Nb1 Qc7 16. Nc3 bxc4 17. Qxc4 Qb7 18. Nd5 Bb5 19. Qb3 Nxd5 20. exd5 Rab8
21. Qf3 Bd6 22. Bg5 Bd7 23. b3 Qc8 24. Re1 f5 25. Qe2 Qb7 26. Bd3 Bb5 27. Rad1
e4 28. Bc4 Bxc4 29. Qxc4 Qb5 30. Qc2 Rbc8 31. Rc1 Qd7 32. Bd2 Be5 33. Qc4 Qd6
34. h3 Red8 35. Ba5 Rd7 36. Red1 Qf6 1/2-1/2

[Event "Bundesliga 9596"]
[Site "Deutschland"]
[Date "1996.??.??"]
[Round "?.6"]
[White "Reschke, Stefan"]
[Black "Schlingensiepen, Christian"]
[Result "1-0"]
[WhiteElo "2385"]
[BlackElo "2305"]
[PlyCount "87"]
[EventDate "1995.10.??"]
[EventType "team"]
[EventRounds "15"]
[EventCountry "GER"]
[SourceTitle "Bundesliga 9596"]
[Source "DeepChess"]
[SourceDate "2005.01.01"]
[SourceVersion "1"]
[SourceVersionDate "2005.01.01"]
[SourceQuality "1"]
[WhiteTeam "SG Bochum 31"]
[BlackTeam "SK Passau 1869"]
[WhiteTeamCountry "GER"]
[BlackTeamCountry "GER"]

1. d4 Nf6 2. c4 e6 3. g3 Bb4+ 4. Bd2 Qe7 5. Nf3 Nc6 6. Bg2 Bxd2+ 7. Nbxd2 d6 8.
O-O e5 9. e3 O-O 10. Qc2 Bg4 11. Qc3 a5 12. h3 Bd7 13. Ne1 Rfe8 14. Nd3 Bf5 15.
d5 Bxd3 16. Qxd3 Nb8 17. b3 Na6 18. a3 e4 19. Qd4 Qe5 20. Qxe5 Rxe5 21. b4 Rb8
22. Rfb1 g6 23. Rb2 Rbe8 24. Rab1 Nd7 25. Bf1 Kg7 26. Be2 h5 27. Kg2 Kh6 28.
Bd1 Ra8 29. Ba4 Nab8 30. Bxd7 Nxd7 31. bxa5 Nc5 32. Nb3 Nd3 33. Rd2 Re7 34. Kf1
Kg7 35. Ke2 Ra6 36. f4 c6 37. Rc2 Rc7 38. Kd2 c5 39. Kc3 f5 40. g4 hxg4 41.
hxg4 fxg4 42. Rg2 b6 43. Rxg4 bxa5 44. Nd2 1-0

[Event "Bundesliga 9596"]
[Site "Deutschland"]
[Date "1996.??.??"]
[Round "?.7"]
[White "Linhart, Wolfgang"]
[Black "Ellers, Holger"]
[Result "0-1"]
[WhiteElo "2165"]
[BlackElo "2310"]
[PlyCount "96"]
[EventDate "1995.10.??"]
[EventType "team"]
[EventRounds "15"]
[EventCountry "GER"]
[SourceTitle "Bundesliga 9596"]
[Source "DeepChess"]
[SourceDate "2005.01.01"]
[SourceVersion "1"]
[SourceVersionDate "2005.01.01"]
[SourceQuality "1"]
[WhiteTeam "SK Passau 1869"]
[BlackTeam "SG Bochum 31"]
[WhiteTeamCountry "GER"]
[BlackTeamCountry "GER"]

1. d4 e6 2. Nf3 Nf6 3. Bf4 c5 4. e3 cxd4 5. exd4 Be7 6. c3 b6 7. Nbd2 O-O 8.
Bd3 Ba6 9. Qe2 Bxd3 10. Qxd3 Nc6 11. h3 d5 12. O-O Qc8 13. Bg5 Qb7 14. Ne5 Rfe8
15. Bxf6 Bxf6 16. Ng4 Be7 17. Rae1 Bd6 18. f4 Ne7 19. Ne5 Qc7 20. Qf3 b5 21. a3
a5 22. Rc1 Qa7 23. b4 axb4 24. axb4 Qa3 25. Qh5 g6 26. Qg5 Kg7 27. Ng4 Ng8 28.
Ne3 f5 29. Qg3 Nf6 30. Qf3 Kf7 31. g4 Rec8 32. g5 Ne4 33. Nb1 Qb3 34. Qe2 Ng3
35. Qxb5 Nxf1 36. Rxf1 Qa4 37. Qb6 Qc6 38. Qxc6 Rxc6 39. Kg2 Ra2+ 40. Kf3 Rca6
41. Rd1 Rb2 42. Nf1 Ra1 43. Nfd2 Rxd2 44. Rxd2 Rxb1 45. Ra2 Rb3 46. Ra7+ Be7
47. Rc7 Ke8 48. Rc8+ Bd8 0-1

[Event "Bundesliga 9596"]
[Site "Deutschland"]
[Date "1996.??.??"]
[Round "?.8"]
[White "Buenermann, Volker"]
[Black "Beutel, Hubert"]
[Result "1-0"]
[WhiteElo "2280"]
[BlackElo "2215"]
[PlyCount "95"]
[EventDate "1995.10.??"]
[EventType "team"]
[EventRounds "15"]
[EventCountry "GER"]
[SourceTitle "Bundesliga 9596"]
[Source "DeepChess"]
[SourceDate "2005.01.01"]
[SourceVersion "1"]
[SourceVersionDate "2005.01.01"]
[SourceQuality "1"]
[WhiteTeam "SG Bochum 31"]
[BlackTeam "SK Passau 1869"]
[WhiteTeamCountry "GER"]
[BlackTeamCountry "GER"]

1. e4 e6 2. d4 d5 3. Nc3 Bb4 4. e5 Qd7 5. Qg4 f5 6. Qg3 b6 7. Nh3 Ba6 8. Bxa6
Nxa6 9. Qd3 Nb8 10. Nf4 Nc6 11. h4 O-O-O 12. Bd2 Nh6 13. a3 Bxc3 14. Bxc3 Kb8
15. Rh3 g6 16. Bd2 Nf7 17. b4 Rc8 18. a4 Ka8 19. b5 Ne7 20. a5 Rb8 21. Qa3 Nc8
22. Rc3 Re8 23. Nd3 Nd8 24. axb6 cxb6 25. Nb4 Rb7 26. Nc6 Rc7 27. Qa4 Ne7 28.
Nxe7 Rxe7 29. Rxc7 Qxc7 30. Ra3 Qb7 31. Bg5 Rd7 32. Rc3 Nf7 33. Qb4 Qb8 34. Bf6
Rc7 35. Rc6 Qc8 36. c4 dxc4 37. Qxc4 Rxc6 38. bxc6 a6 39. d5 b5 40. Qc5 exd5
41. c7 Kb7 42. Qxd5+ Kxc7 43. Qxf7+ Kb6 44. Qb3 Qc1+ 45. Ke2 Qa1 46. Bd8+ Kc5
47. Qe3+ Kc4 48. e6 1-0

[Event "Bundesliga 9596"]
[Site "Deutschland"]
[Date "1996.??.??"]
[Round "?.2"]
[White "Siegel, Georg"]
[Black "Piskov, Yury"]
[Result "1-0"]
[WhiteElo "2455"]
[BlackElo "2520"]
[PlyCount "74"]
[EventDate "1995.10.??"]
[EventType "team"]
[EventRounds "15"]
[EventCountry "GER"]
[SourceTitle "Bundesliga 9596"]
[Source "DeepChess"]
[SourceDate "2005.01.01"]
[SourceVersion "1"]
[SourceVersionDate "2005.01.01"]
[SourceQuality "1"]
[WhiteTeam "SK Zaehringen 1921"]
[BlackTeam "SG Bochum 31"]
[WhiteTeamCountry "GER"]
[BlackTeamCountry "GER"]

1. d4 e6 2. Nf3 f5 3. g3 Nf6 4. Bg2 d5 5. O-O Bd6 6. c4 c6 7. b3 Qe7 8. Ne5 O-O
9. Nd2 Rd8 10. Bb2 a5 11. a3 Ra7 12. Qc2 b6 13. Rfc1 c5 14. dxc5 Bxc5 15. cxd5
Rc7 16. Qd1 exd5 17. Ndf3 Ne4 18. Nd3 Nc6 19. e3 Bb7 20. Nde5 Nb8 21. Rc2 Rdc8
22. Nd3 Rd8 23. b4 Bd6 24. Nd4 Rxc2 25. Qxc2 Qd7 26. Qb3 a4 27. Qd1 Nc6 28.
Nxc6 Bxc6 29. Ne5 Bxe5 30. Bxe5 Bb5 31. Qd4 Ra8 32. Rd1 Qe6 33. Bxg7 Bc4 34. h4
b5 35. h5 h6 36. Bh8 Ra7 37. Rc1 Kh7 $138 1-0

[Event "Bundesliga 9596"]
[Site "Deutschland"]
[Date "1996.??.??"]
[Round "?.3"]
[White "Schmittdiel, Eckhard"]
[Black "Mohr, Stefan"]
[Result "1-0"]
[WhiteElo "2430"]
[BlackElo "2440"]
[PlyCount "117"]
[EventDate "1995.10.??"]
[EventType "team"]
[EventRounds "15"]
[EventCountry "GER"]
[SourceTitle "Bundesliga 9596"]
[Source "DeepChess"]
[SourceDate "2005.01.01"]
[SourceVersion "1"]
[SourceVersionDate "2005.01.01"]
[SourceQuality "1"]
[WhiteTeam "SG Bochum 31"]
[BlackTeam "SK Zaehringen 1921"]
[WhiteTeamCountry "GER"]
[BlackTeamCountry "GER"]

1. e4 d6 2. d4 g6 3. Nf3 Bg7 4. Nc3 Nf6 5. h3 O-O 6. Bg5 c6 7. a4 Qc7 8. Qd2
Nbd7 9. Bc4 e5 10. d5 Nc5 11. Bxf6 Bxf6 12. Rd1 Qa5 13. O-O Qb4 14. b3 Rd8 15.
dxc6 bxc6 16. Nd5 Qxd2 17. Nxf6+ Kg7 18. Nxd2 Kxf6 19. f4 Ke7 20. fxe5 d5 21.
exd5 cxd5 22. Be2 Bf5 23. Bg4 Bxg4 24. hxg4 Rab8 25. Rf3 Ne6 26. Nf1 d4 27. Nd2
Rd5 28. Nc4 Rf8 29. Kf2 f6 30. exf6+ Rxf6 31. Kg3 h5 32. gxh5 Rxh5 33. Rxf6
Kxf6 34. Rd2 Rg5+ 35. Kf3 Rd5 36. Ke4 Rd8 37. b4 Ng5+ 38. Kd3 Ne6 39. Rf2+ Kg5
40. Ne5 Rb8 41. Nc6 Rb6 42. b5 Nc5+ 43. Kxd4 Nxa4 44. Nxa7 Rb7 45. Nc6 Rxb5 46.
c4 Rb1 47. Ne5 Rd1+ 48. Nd3 Kh4 49. Ra2 Nc5 50. Kxc5 Rxd3 51. Kb6 Rb3+ 52. Kc6
g5 53. c5 Kg3 54. Kc7 Kf4 55. Re2 g4 56. c6 Kg3 57. Kc8 Kh2 58. c7 g3 59. Rd2
1-0

[Event "Bundesliga 9596"]
[Site "Deutschland"]
[Date "1996.??.??"]
[Round "?.4"]
[White "Mann, Christian"]
[Black "Backwinkel, Paul"]
[Result "0-1"]
[WhiteElo "2445"]
[BlackElo "2410"]
[PlyCount "76"]
[EventDate "1995.10.??"]
[EventType "team"]
[EventRounds "15"]
[EventCountry "GER"]
[SourceTitle "Bundesliga 9596"]
[Source "DeepChess"]
[SourceDate "2005.01.01"]
[SourceVersion "1"]
[SourceVersionDate "2005.01.01"]
[SourceQuality "1"]
[WhiteTeam "SK Zaehringen 1921"]
[BlackTeam "SG Bochum 31"]
[WhiteTeamCountry "GER"]
[BlackTeamCountry "GER"]

1. e4 e6 2. d4 d5 3. Nd2 Nf6 4. e5 Ng8 5. Ngf3 b6 6. c4 Ne7 7. Bd3 Bb7 8. O-O
Nbc6 9. cxd5 Nxd5 10. Ne4 h6 11. Be3 Ncb4 12. Bb5+ c6 13. Be2 Nxe3 14. fxe3 Nd5
15. Qb3 Be7 16. Nfd2 O-O 17. Rf2 a5 18. a4 Rb8 19. Raf1 b5 20. Bh5 bxa4 21. Qd3
Nb4 22. Qb1 Ba6 23. Bxf7+ Kh8 24. Bxe6 Bxf1 25. Qxf1 Nd5 26. Nc4 Rxf2 27. Qxf2
a3 28. b3 Rxb3 29. Qc2 Qb8 30. h3 Nxe3 31. Nxe3 Rxe3 32. Qxc6 Qf8 33. Bc4 Bh4
34. Qg6 a2 35. Bxa2 Re1+ 36. Kh2 Qf4+ 37. Ng3 Bxg3+ 38. Qxg3 Rh1+ 0-1

[Event "Bundesliga 9596"]
[Site "Deutschland"]
[Date "1996.??.??"]
[Round "?.5"]
[White "Sonntag, Hans Hubert"]
[Black "Brendel, Oliver"]
[Result "1/2-1/2"]
[WhiteElo "2405"]
[BlackElo "2375"]
[PlyCount "59"]
[EventDate "1995.10.??"]
[EventType "team"]
[EventRounds "15"]
[EventCountry "GER"]
[SourceTitle "Bundesliga 9596"]
[Source "DeepChess"]
[SourceDate "2005.01.01"]
[SourceVersion "1"]
[SourceVersionDate "2005.01.01"]
[SourceQuality "1"]
[WhiteTeam "SG Bochum 31"]
[BlackTeam "SK Zaehringen 1921"]
[WhiteTeamCountry "GER"]
[BlackTeamCountry "GER"]

1. d4 Nf6 2. c4 g6 3. Nc3 Bg7 4. Nf3 O-O 5. Bf4 c5 6. d5 Nh5 7. Be5 Bxe5 8.
Nxe5 d6 9. Nf3 Nd7 10. e3 Ne5 11. Nxe5 dxe5 12. Be2 Ng7 13. O-O Ne8 14. Qd2 Nd6
15. e4 f6 16. f3 b6 17. b3 Kh8 18. g3 g5 19. Kf2 Rg8 20. Qe3 Bd7 21. Rh1 Qf8
22. Ke1 Rb8 23. Kd2 a6 24. Rab1 Qc8 25. g4 Kg7 26. h4 h6 27. Rh2 Rh8 28. Rbh1
Qc7 29. a4 Nf7 30. Ke1 1/2-1/2

[Event "Bundesliga 9596"]
[Site "Deutschland"]
[Date "1996.??.??"]
[Round "?.6"]
[White "Schmaltz, Roland"]
[Black "Reschke, Stefan"]
[Result "1/2-1/2"]
[WhiteElo "2455"]
[BlackElo "2385"]
[PlyCount "110"]
[EventDate "1995.10.??"]
[EventType "team"]
[EventRounds "15"]
[EventCountry "GER"]
[SourceTitle "Bundesliga 9596"]
[Source "DeepChess"]
[SourceDate "2005.01.01"]
[SourceVersion "1"]
[SourceVersionDate "2005.01.01"]
[SourceQuality "1"]
[WhiteTeam "SK Zaehringen 1921"]
[BlackTeam "SG Bochum 31"]
[WhiteTeamCountry "GER"]
[BlackTeamCountry "GER"]

1. e4 c5 2. Nf3 d6 3. d4 cxd4 4. Nxd4 Nf6 5. Nc3 g6 6. Be2 Bg7 7. O-O O-O 8.
Nb3 Nc6 9. Re1 a6 10. Bf1 b5 11. Bg5 h6 12. Bh4 Nd7 13. Rb1 Nb6 14. Nd5 Bb7 15.
Na5 Ra7 16. Nxb7 Rxb7 17. c3 Qb8 18. f3 e6 19. Nxb6 Rxb6 20. Bg3 Rd8 21. Qc2
Qc8 22. Bf2 Rb8 23. Rbc1 Ne7 24. Red1 d5 25. exd5 Nxd5 26. Qe4 Kh7 27. Qe1 Qb7
28. Rd2 Ne7 29. Rcd1 Rxd2 30. Qxd2 Nc6 31. Qd7 Ne5 32. Qxb7 Rxb7 33. b3 Rc7 34.
Bd4 Nc6 35. Bxg7 Kxg7 36. c4 b4 37. f4 g5 38. g3 a5 39. Kf2 Kf6 40. Be2 Ke7 41.
Ke3 Nb8 42. fxg5 hxg5 43. h4 Nd7 44. Bf3 gxh4 45. gxh4 a4 46. Rg1 Nc5 47. Bd1
axb3 48. axb3 Rc8 49. h5 Rd8 50. Bc2 Rh8 51. Rh1 Rh6 52. Kf4 Kf6 53. Kg4 Nd7
54. Kh4 Rh8 55. Ra1 Ne5 1/2-1/2

[Event "Bundesliga 9596"]
[Site "Deutschland"]
[Date "1996.??.??"]
[Round "?.7"]
[White "Ellers, Holger"]
[Black "Herbrechtsmeier, Christof"]
[Result "1/2-1/2"]
[WhiteElo "2310"]
[BlackElo "2330"]
[PlyCount "106"]
[EventDate "1995.10.??"]
[EventType "team"]
[EventRounds "15"]
[EventCountry "GER"]
[SourceTitle "Bundesliga 9596"]
[Source "DeepChess"]
[SourceDate "2005.01.01"]
[SourceVersion "1"]
[SourceVersionDate "2005.01.01"]
[SourceQuality "1"]
[WhiteTeam "SG Bochum 31"]
[BlackTeam "SK Zaehringen 1921"]
[WhiteTeamCountry "GER"]
[BlackTeamCountry "GER"]

1. Nf3 Nf6 2. c4 g6 3. Nc3 d5 4. cxd5 Nxd5 5. Qa4+ Bd7 6. Qh4 Bc6 7. Qd4 f6 8.
e3 Qd7 9. Be2 Bg7 10. b4 b6 11. Bb2 a5 12. b5 Bb7 13. Rc1 Ra7 14. h4 e5 15. Qc4
h5 16. a3 Nxc3 17. Qxc3 Bd5 18. Qc2 Qf5 19. Qxf5 gxf5 20. Bc4 Bxc4 21. Rxc4 c6
22. bxc6 Rc7 23. Ke2 Nxc6 24. Rhc1 Kd7 25. d4 Rhc8 26. Rd1 Ke8 27. Rcc1 exd4
28. Nxd4 Nxd4+ 29. exd4 Rxc1 30. Rxc1 Rxc1 31. Bxc1 Kd7 32. a4 Ke6 33. Ba3 Kd5
34. Kd3 f4 35. Bb2 f5 36. Bc3 Bf6 37. f3 Bxh4 38. Bd2 Bf6 39. Bc3 Bh4 40. Bd2
Bf2 41. Bc3 Bg1 42. Bb2 Be3 43. Bc3 Bc1 44. Kc2 Ba3 45. Kd3 Bb4 46. Bb2 Be1 47.
Bc1 Bf2 48. Bb2 Be1 49. Bc1 Bg3 50. Bd2 Bf2 51. Bc3 Be3 52. Bb2 Bg1 53. Bc3 Bf2
1/2-1/2

[Event "Bundesliga 9596"]
[Site "Deutschland"]
[Date "1996.??.??"]
[Round "?.8"]
[White "Gruenenwald, Joerg"]
[Black "Buenermann, Volker"]
[Result "1/2-1/2"]
[WhiteElo "2295"]
[BlackElo "2280"]
[PlyCount "115"]
[EventDate "1995.10.??"]
[EventType "team"]
[EventRounds "15"]
[EventCountry "GER"]
[SourceTitle "Bundesliga 9596"]
[Source "DeepChess"]
[SourceDate "2005.01.01"]
[SourceVersion "1"]
[SourceVersionDate "2005.01.01"]
[SourceQuality "1"]
[WhiteTeam "SK Zaehringen 1921"]
[BlackTeam "SG Bochum 31"]
[WhiteTeamCountry "GER"]
[BlackTeamCountry "GER"]

1. d4 Nf6 2. c4 g6 3. Nc3 Bg7 4. e4 d6 5. f3 O-O 6. Be3 Nbd7 7. Qd2 c5 8. Nge2
a6 9. d5 Ne5 10. Nc1 e6 11. a4 exd5 12. cxd5 Re8 13. Be2 Rb8 14. O-O Qa5 15.
Ra3 Qc7 16. N1a2 Bd7 17. Rc1 b5 18. axb5 axb5 19. b4 Rec8 20. Nd1 Bf8 21. Nf2
Qd8 22. f4 Neg4 23. Bxg4 Nxg4 24. Nxg4 Bxg4 25. f5 gxf5 26. h3 f4 27. Bxf4 Bh5
28. bxc5 Rxc5 29. Nb4 Rxc1+ 30. Qxc1 Ra8 31. Rg3+ Bg6 32. Nc6 Qb6+ 33. Be3 Qa6
34. Bd4 Bg7 35. Ne7+ Kf8 36. Bxg7+ Kxg7 37. Nf5+ Kf8 38. Kh2 Bxf5 39. exf5 Qa1
40. Qh6+ Ke7 41. f6+ Kd7 42. Qg7 Qe5 43. Qxf7+ Kc8 44. Qe6+ Kc7 45. f7 Rf8 46.
h4 Qxe6 47. dxe6 Kd8 48. Re3 Ke7 49. g4 b4 50. g5 b3 51. h5 b2 52. Re1 b1=Q 53.
Rxb1 Kxe6 54. Rf1 Rxf7 55. Rxf7 Kxf7 56. Kg3 Ke6 57. Kf4 d5 58. g6 1/2-1/2

[Event "Bundesliga 9596"]
[Site "Deutschland"]
[Date "1996.??.??"]
[Round "?.1"]
[White "Glek, Igor V"]
[Black "Van der Sterren, Paul"]
[Result "1/2-1/2"]
[WhiteElo "2635"]
[BlackElo "2535"]
[PlyCount "88"]
[EventDate "1995.10.??"]
[EventType "team"]
[EventRounds "15"]
[EventCountry "GER"]
[SourceTitle "Bundesliga 9596"]
[Source "DeepChess"]
[SourceDate "2005.01.01"]
[SourceVersion "1"]
[SourceVersionDate "2005.01.01"]
[SourceQuality "1"]
[WhiteTeam "SG Bochum 31"]
[BlackTeam "SV Castrop Rauxel 1923"]
[WhiteTeamCountry "GER"]
[BlackTeamCountry "GER"]

1. e4 e5 2. Nf3 Nc6 3. Nc3 Nf6 4. g3 d5 5. exd5 Nxd5 6. Bg2 Nxc3 7. bxc3 Bc5 8.
O-O O-O 9. Re1 Re8 10. d4 exd4 11. Rxe8+ Qxe8 12. cxd4 Bb6 13. c4 Bg4 14. c5
Rd8 15. Bg5 Rxd4 16. Qc1 Bxf3 17. Bxf3 Ba5 18. Be3 Rd8 19. Kg2 Qe6 20. Qc2 h6
21. Rb1 Ne5 22. Bxb7 Nc4 23. Qe4 Nxe3+ 24. Qxe3 Qxa2 25. Rb3 Bd2 26. Qf3 Be1
27. Re3 Bb4 28. Re5 Qa3 29. Qf5 Rf8 30. Bd5 Bxc5 31. Re8 Rxe8 32. Qxf7+ Kh8 33.
Qxe8+ Bf8 34. Qf7 Kh7 35. Qxc7 Qe7 36. Qc6 Qd6 37. Qa8 g6 38. Qxa7+ Qe7 39. Qa8
Kg7 40. Ba2 h5 41. Qd5 Qf6 42. h3 Kh6 43. g4 hxg4 44. hxg4 Qf4 1/2-1/2

[Event "Bundesliga 9596"]
[Site "Deutschland"]
[Date "1996.??.??"]
[Round "?.2"]
[White "King, Daniel J"]
[Black "Piskov, Yury"]
[Result "1/2-1/2"]
[WhiteElo "2510"]
[BlackElo "2520"]
[PlyCount "32"]
[EventDate "1995.10.??"]
[EventType "team"]
[EventRounds "15"]
[EventCountry "GER"]
[SourceTitle "Bundesliga 9596"]
[Source "DeepChess"]
[SourceDate "2005.01.01"]
[SourceVersion "1"]
[SourceVersionDate "2005.01.01"]
[SourceQuality "1"]
[WhiteTeam "SV Castrop Rauxel 1923"]
[BlackTeam "SG Bochum 31"]
[WhiteTeamCountry "GER"]
[BlackTeamCountry "GER"]

1. e4 e6 2. d4 d5 3. Nc3 Nf6 4. Bg5 Bb4 5. e5 h6 6. Bd2 Bxc3 7. bxc3 Ne4 8. Qg4
g6 9. Bd3 Nxd2 10. Kxd2 c5 11. Nf3 Bd7 12. dxc5 Qe7 13. Rab1 Bc6 14. Bb5 Qxc5
15. Qd4 Qe7 16. Qb4 Qxb4 1/2-1/2

[Event "Bundesliga 9596"]
[Site "Deutschland"]
[Date "1996.??.??"]
[Round "?.3"]
[White "Schmittdiel, Eckhard"]
[Black "Hoffmann, Michael"]
[Result "1/2-1/2"]
[WhiteElo "2430"]
[BlackElo "2460"]
[PlyCount "51"]
[EventDate "1995.10.??"]
[EventType "team"]
[EventRounds "15"]
[EventCountry "GER"]
[SourceTitle "Bundesliga 9596"]
[Source "DeepChess"]
[SourceDate "2005.01.01"]
[SourceVersion "1"]
[SourceVersionDate "2005.01.01"]
[SourceQuality "1"]
[WhiteTeam "SG Bochum 31"]
[BlackTeam "SV Castrop Rauxel 1923"]
[WhiteTeamCountry "GER"]
[BlackTeamCountry "GER"]

1. e4 c5 2. c3 g6 3. d4 cxd4 4. cxd4 d5 5. exd5 Nf6 6. Bb5+ Nbd7 7. Nc3 Bg7 8.
d6 exd6 9. Qe2+ Qe7 10. Bf4 Qxe2+ 11. Ngxe2 Ke7 12. O-O Nb6 13. Rfe1 Be6 14.
Bg5 h6 15. Bh4 g5 16. Bg3 Rac8 17. Rac1 Rhd8 18. Bd3 a6 19. f3 Nfd5 20. Bf2 Kd7
21. b3 Nxc3 22. Nxc3 Nd5 23. Nxd5 Bxd5 24. Bf5+ Be6 25. Be4 d5 26. Bd3 1/2-1/2

[Event "Bundesliga 9596"]
[Site "Deutschland"]
[Date "1996.??.??"]
[Round "?.5"]
[White "Sonntag, Hans Hubert"]
[Black "Appel, Ralf"]
[Result "1/2-1/2"]
[WhiteElo "2405"]
[BlackElo "2450"]
[PlyCount "36"]
[EventDate "1995.10.??"]
[EventType "team"]
[EventRounds "15"]
[EventCountry "GER"]
[SourceTitle "Bundesliga 9596"]
[Source "DeepChess"]
[SourceDate "2005.01.01"]
[SourceVersion "1"]
[SourceVersionDate "2005.01.01"]
[SourceQuality "1"]
[WhiteTeam "SG Bochum 31"]
[BlackTeam "SV Castrop Rauxel 1923"]
[WhiteTeamCountry "GER"]
[BlackTeamCountry "GER"]

1. d4 Nf6 2. c4 g6 3. Nc3 Bg7 4. e4 O-O 5. f3 c6 6. Be3 d5 7. e5 Nfd7 8. cxd5
Nb6 9. dxc6 Nxc6 10. f4 Bf5 11. Nf3 Nd5 12. Nxd5 Qxd5 13. Bd3 Bxd3 14. Qxd3 Nb4
15. Qd2 Qb5 16. Qe2 Nd3+ 17. Kd2 Qxb2+ 18. Kxd3 Qb5+ 1/2-1/2

[Event "Bundesliga 9596"]
[Site "Deutschland"]
[Date "1996.??.??"]
[Round "?.6"]
[White "Dinstuhl, Volkmar"]
[Black "Reschke, Stefan"]
[Result "1/2-1/2"]
[WhiteElo "2355"]
[BlackElo "2385"]
[PlyCount "69"]
[EventDate "1995.10.??"]
[EventType "team"]
[EventRounds "15"]
[EventCountry "GER"]
[SourceTitle "Bundesliga 9596"]
[Source "DeepChess"]
[SourceDate "2005.01.01"]
[SourceVersion "1"]
[SourceVersionDate "2005.01.01"]
[SourceQuality "1"]
[WhiteTeam "SV Castrop Rauxel 1923"]
[BlackTeam "SG Bochum 31"]
[WhiteTeamCountry "GER"]
[BlackTeamCountry "GER"]

1. d4 Nf6 2. c4 g6 3. Nc3 Bg7 4. e4 d6 5. Nge2 e5 6. f3 c6 7. Be3 O-O 8. Qd2
Qe7 9. O-O-O Na6 10. Kb1 Nc7 11. d5 c5 12. Bh6 Bxh6 13. Qxh6 Bd7 14. h4 Rfb8
15. h5 b5 16. cxb5 Nxb5 17. Nxb5 Rxb5 18. Nc3 Rb4 19. g4 Rab8 20. Rd2 Be8 21.
Rhh2 Nd7 22. hxg6 fxg6 23. g5 Nf8 24. Bh3 Bd7 25. Bg4 Rd4 26. Rdf2 Rd3 27. Ka1
Qf7 28. Bxd7 Nxd7 29. f4 exf4 30. Rxf4 Qe7 31. Rfh4 Nf8 32. Rf2 Nd7 33. Rfh2
Nf8 34. Rf2 Nd7 35. Rfh2 1/2-1/2

[Event "Bundesliga 9596"]
[Site "Deutschland"]
[Date "1996.??.??"]
[Round "?.7"]
[White "Kassebaum, Roman"]
[Black "Hennig, Dirk"]
[Result "0-1"]
[WhiteElo "2360"]
[BlackElo "2355"]
[PlyCount "122"]
[EventDate "1995.10.??"]
[EventType "team"]
[EventRounds "15"]
[EventCountry "GER"]
[SourceTitle "Bundesliga 9596"]
[Source "DeepChess"]
[SourceDate "2005.01.01"]
[SourceVersion "1"]
[SourceVersionDate "2005.01.01"]
[SourceQuality "1"]
[WhiteTeam "SG Bochum 31"]
[BlackTeam "SV Castrop Rauxel 1923"]
[WhiteTeamCountry "GER"]
[BlackTeamCountry "GER"]

1. e4 g6 2. d4 Bg7 3. Nf3 c6 4. Bd3 d5 5. Nbd2 Nh6 6. O-O O-O 7. Re1 Na6 8. Bf1
Nc7 9. Nb3 b6 10. h3 Bb7 11. exd5 cxd5 12. Bf4 Nf5 13. a4 a5 14. c3 Rc8 15.
Nbd2 Nd6 16. Ne5 Ne6 17. Bh2 Ng5 18. Qb3 Nge4 19. Rad1 e6 20. Bd3 Nxd2 21. Rxd2
Nc4 22. Nxc4 dxc4 23. Bxc4 Bxg2 24. Rd3 Ba8 25. d5 Qh4 26. Ba6 Bxd5 27. Rxd5
exd5 28. Bxc8 Rxc8 29. Bg3 Qd8 30. Rd1 Rc5 31. Kh2 h5 32. Qc2 h4 33. Bf4 Rc4
34. Be3 d4 35. Qe4 Qd6+ 36. Bf4 Qe6 37. Qxe6 fxe6 38. cxd4 Rxa4 39. Be3 Rb4 40.
Rd2 Kf7 41. Kg2 a4 42. Kf3 b5 43. Ke2 Ke8 44. f4 Bf6 45. Kd3 Rb3+ 46. Ke4 Be7
47. Re2 Kf7 48. Rc2 b4 49. Rh2 a3 50. bxa3 bxa3 51. Bc1 Rb1 52. Be3 Ra1 53. d5
exd5+ 54. Kxd5 Bf6 55. Rc2 a2 56. Ke4 Be7 57. Re2 Bb4 58. Bd4 Re1 59. Rxe1 Bxe1
60. f5 gxf5+ 61. Kxf5 Bb4 0-1

[Event "Bundesliga 9596"]
[Site "Deutschland"]
[Date "1996.??.??"]
[Round "?.8"]
[White "Kaeding, Rainer"]
[Black "Ellers, Holger"]
[Result "1/2-1/2"]
[WhiteElo "2220"]
[BlackElo "2310"]
[PlyCount "46"]
[EventDate "1995.10.??"]
[EventType "team"]
[EventRounds "15"]
[EventCountry "GER"]
[SourceTitle "Bundesliga 9596"]
[Source "DeepChess"]
[SourceDate "2005.01.01"]
[SourceVersion "1"]
[SourceVersionDate "2005.01.01"]
[SourceQuality "1"]
[WhiteTeam "SV Castrop Rauxel 1923"]
[BlackTeam "SG Bochum 31"]
[WhiteTeamCountry "GER"]
[BlackTeamCountry "GER"]

1. g3 d5 2. Bg2 c6 3. Nf3 Bg4 4. O-O Nd7 5. d3 e6 6. Nbd2 Bd6 7. b3 Ne7 8. Bb2
O-O 9. Qe1 Re8 10. e4 c5 11. h3 Bh5 12. Nh4 Rc8 13. Kh1 Nc6 14. f4 Nd4 15. Rc1
Be7 16. Nhf3 Nxf3 17. Nxf3 Bxf3 18. Bxf3 d4 19. c4 e5 20. Bg4 Rc6 21. Bxd7 Qxd7
22. f5 Bg5 23. Rc2 a6 1/2-1/2